000
00339nam a22001457a 4500
005
20250906132711.0
008
250906b |||||||| |||| 00| 0 eng d
020
_a
9780446611091
_q
pbk
041
_a
eng
082
_a
332.024
_b
KIY
100
_a
Kiyosaki, Robert T.
245
_a
Rich Dad Poor Dad
300
_a
266p.
942
_c
ENGLISH
999
_c
585595
_d
585595